00867nam a2200229Ia 4500008004100000050001700041050001500058100002400073245019500097245009400292260003100386260001000417260001000427300001600437300002000453300001100473500005600484650002600540650002600566650002600592999001900618150520s9999 xx 000 0 und d aBF 432.5.C64 b.B363 2014 aBanaban, Ann Erika. aGrit factor and its correlation to cognitive achievement, clinical performance and professional aptitude among fourth year nursing students of Southville international school and colleges /  cAnn Erika Banaban, Daniel Cabacoy, Katrina Catig, Alexandra Del Rosario, and Aries Ercia. aLas Piñas, Philippines : bSISC, c2014. a55 pages :  billustrations ; c28 cm. aIncludes bibliographical references and appendices. aClinical Performance  aCognitive Achievement aProfessional Aptitude c284031d284031